000 00840nam a22002777i 4500
001 134385
003 ES-MaACL
005 20250206113022.0
007 t|
008 070910s1964 xxu ||||0| eng d
040 _aM-BN
_bspa
_cM-BN
080 _a324(73)"1960"
080 _a929 Kennedy, John F
080 _a929 Nixon, Richard M. (Richard Milhous)
100 1 _aWhite, Theodore Harold.
_9116690
245 1 4 _aThe making of the President, 1960 /
_cTheodore H. White.
250 _a11th print.
260 _aNew York :
_bPocket Books,
_c1964.
300 _aX, 481 p. ;
_c18 cm.
500 _aIndice.
600 0 4 _aKennedy, John F.,
_d1917-1963
_9239598
600 1 4 _aNixon, Richard M.
_985786
650 1 4 _aElecciones-
_zEstados Unidos-
_y1960.
_912153
852 _aES-MaACL
_jC-36288
_bR.66119
999 _c134385
_d134385